| 000 | 00894nas a2200289 4500 | ||
|---|---|---|---|
| 001 | BR2014007214 | ||
| 003 | BR-BrBNA | ||
| 005 | 20231205124721.0 | ||
| 007 | ta | ||
| 008 | 230509b bl.|||p| |||| 00| 00por d | ||
| 040 |
_aBR-BrBNA _bpor _cBiblioteca Nacional de Agricultura |
||
| 041 | _a(Pt) | ||
| 072 | _aP35 | ||
| 100 | 1 | _aMedeiros, J.C. | |
| 100 | 1 | _aAlbuquerque, J.A. | |
| 100 | 1 | _aMafra, A.L. | |
| 100 | 1 | _aRosa, J.D. | |
| 100 | 1 | _aPhillippi, T. | |
| 245 | 1 | _aResíduo alcalino da indústria de celulose na correção da acidez de um cambissolo húmido alumínico | |
| 650 | _aCAMBISSOLO | ||
| 650 | _aCALAGEM | ||
| 650 | _aPH | ||
| 650 | _aDISPONIBILIDADE DE NUTRIENTE | ||
| 773 | 0 |
_tRevista de Ciências Agroveterinárias (Brazil) _xISSN 1676-9732 _g(Jan-Apr 2013), v. 15(1) p. 78-87 _wBR2014007214 |
|
| 909 |
_a202311 _bLúcia _c55 _dLúcia Elande |
||
| 942 |
_2AGRIS _n0 _cANA |
||
| 999 |
_c240539 _d240539 |
||